Eastern Utah Libraries Catalog: Duchesne, Heber, Roosevelt, & Vernal

Landforms and how they are made / (Record no. 411865)

MARC details
000 -LEADER
fixed length control field 01488cam a2200361 i 4500
001 - CONTROL NUMBER
control field 1285774077
003 - CONTROL NUMBER IDENTIFIER
control field OCoLC
005 - DATE AND TIME OF LATEST TRANSACTION
control field 20250924163932.0
008 - FIXED-LENGTH DATA ELEMENTS--GENERAL INFORMATION
fixed length control field 211120s2022 nyuab j 001 0 eng d
020 ## - INTERNATIONAL STANDARD BOOK NUMBER
International Standard Book Number 1039644767
020 ## - INTERNATIONAL STANDARD BOOK NUMBER
International Standard Book Number 9781039644762
020 ## - INTERNATIONAL STANDARD BOOK NUMBER
International Standard Book Number 1039646670
020 ## - INTERNATIONAL STANDARD BOOK NUMBER
International Standard Book Number 9781039646674
035 ## - SYSTEM CONTROL NUMBER
System control number (OCoLC)1285774077
Canceled/invalid control number (OCoLC)1285670691
-- (OCoLC)1285672087
-- (OCoLC)1285727881
-- (OCoLC)1285729330
-- (OCoLC)1285774793
040 ## - CATALOGING SOURCE
Original cataloging agency YDX
Language of cataloging eng
Description conventions rda
Transcribing agency YDX
Modifying agency BDX
-- SINLB
-- OCLCO
-- UAB
-- OCLCF
-- OCLCO
-- CHILD
092 ## - LOCALLY ASSIGNED DEWEY CALL NUMBER (OCLC)
Classification number children nonfiction
Item number Lundgren
100 1# - MAIN ENTRY--PERSONAL NAME
Personal name Lundgren, Julie K.,
Relator term author.
245 10 - TITLE STATEMENT
Title Landforms and how they are made /
Statement of responsibility, etc Julie K. Lundgren.
264 #1 - Production, Publication, Distribution, Manufacture, and Copyright Notice.
Place of production, publication, distribution, manufacture New York, NY :
Name of producer, publisher, distributor, manufacturer Crabtree Publishing Company,
Date of production, publication, distribution, manufacture, or copyr [2022]
300 ## - PHYSICAL DESCRIPTION
Extent 24 pages :
Other physical details color illustrations, color map ;
Dimensions 21 cm.
336 ## - Content Type
Content type term text
336 ## - Content Type
Content type term still image
336 ## - Content Type
Content type term cartographic image
337 ## - Media type
Media type term unmediated
338 ## - Carrier type
Carrier type term volume
490 1# - SERIES STATEMENT
Series statement Incredible changes on Earth.
500 ## - GENERAL NOTE
General note Includes index.
500 ## - GENERAL NOTE
General note "A Crabtree seedlings book."
520 ## - SUMMARY, ETC.
Summary, etc Wind and water move sand and soil and carve rock. Enormous plates of land push against each other and create mountains. Find out how these incredible changes on Earth have happened over time.
650 #0 - SUBJECT ADDED ENTRY--TOPICAL TERM
Topical term or geographic name as entry element Landforms
Form subdivision Juvenile literature.
9 (RLIN) 5735022
830 #0 - SERIES ADDED ENTRY--UNIFORM TITLE
Uniform title Incredible changes on Earth.
9 (RLIN) 6552640
942 ## - ADDED ENTRY ELEMENTS (KOHA)
Source of classification or shelving scheme Dewey Decimal Classification
Koha item type BOOK
Holdings
Withdrawn status Lost status Source of classification or shelving scheme Damaged status Not for loan Collection code Home library Current library Shelving location Date acquired Source of acquisition Total Checkouts Full call number Barcode Date last seen Date checked out Cost, replacement price Price effective from Koha item type
    Dewey Decimal Classification     Children NonFiction Wasatch County Library Wasatch County Library Main Floor Childrens Area 09/24/2025 Libraria 2 E Earth Land Lundgren 34301002005041 02/28/2026 02/11/2026 21.95 09/24/2025 BOOK
This project was made possible through a grant from the Institute of Museum and Library Service administered by the Utah State Library Division.

Wasatch County Library

  • 465 East 1200 South, Heber City, Utah 84032
  • Phone 435-654-1511 | Fax 435-654-6456

Hours

  • Monday - Friday 9:30 AM - 8:00 PM
  • Saturday 9:30 AM - 1:30 PM
  • Closed Sundays and Holidays